Major campaign speeches, 1952 /

Bibliographic Details
Main Author: Stevenson, Adlai E. (Adlai Ewing), 1900-1965
Format: Book
Language:English
Published: New York : Random House, [1953]
Subjects:

MARC

Tag First Indicator Second Indicator Subfields
LEADER 00000cam a2200000 4500
001 in00000066138
005 20151008051249.0
008 720414s1953 nyu 00000 eng u
010 |a  53006932  
035 |a (OCoLC)00284478 
035 |9 AAG6840AM 
040 |c URB  |d TXA  |d UtOrBLW 
049 |a TXAM  |c [218441] 
050 0 |a E816  |b .S69 
092 |a 329.01  |b S847m 
100 1 |a Stevenson, Adlai E.  |q (Adlai Ewing),  |d 1900-1965. 
245 1 0 |a Major campaign speeches, 1952 /  |c With an introd. by the author. 
264 1 |a New York :  |b Random House,  |c [1953] 
300 |a 320 pages 
336 |a text  |b txt  |2 rdacontent 
337 |a unmediated  |b n  |2 rdamedia 
338 |a volume  |b nc  |2 rdacarrier 
650 0 |a Campaign literature. 
651 0 |a United States  |x Politics and government  |y 1945-1953. 
651 0 |a United States  |x Politics and government  |y 1945-1989. 
999 |a MARS 
999 f f |s 0bdb79c0-f530-3976-b20e-e27264a811b7  |i 49bfcff2-bbff-36a4-a159-2e8b3fce8033  |t 0 
952 f f |p ric  |a Texas A&M University  |b Rellis Campus  |c Joint Library Facility  |d Remote Storage  |t 0  |e E816 .S69  |h Library of Congress classification  |i unmediated -- volume  |m A14800683635 
998 f f |a E816 .S69  |t 0  |l Remote Storage